000 00497nam a2200157 i 4500
001 72461
003 ES-MaACL
005 20230906171437.0
007 t|
008 040901s1971 sp ||||1| spa d
100 1 _aGironés Guillem, Gonzalo.
_957306
245 1 0 _aUno de nosotros es Hijo de Dios
_b: breve tratado del verbo encarnado /
_cGonzalo Gironés Guillem.
260 _aValencia :
_bSeminario Metropolitano,
_c1971.
300 _a158 p. ;
_c24 cm.
852 _aES-MaACL
_jC-44035
_bR.77292
999 _c72461
_d72461